[Event "La Roda op 48th"]
[Site "La Roda"]
[Date "2022.04.16"]
[Round "7"]
[White "Alcoba Gomez, Pablo Alejandro"]
[Black "Romero Pallares, Daniel"]
[Result "1-0"]
[WhiteElo "2128"]
[BlackElo "2283"]
[PlyCount "91"]
[EventDate "2022.04.13"]
[EventType "swiss"]
[EventRounds "9"]
[EventCountry "ESP"]
[SourceTitle "CBM 207 Extra"]
[Source "ChessBase"]
[SourceDate "2022.05.31"]
[SourceVersion "1"]
[SourceVersionDate "2022.05.31"]
[SourceQuality "1"]

1. e4 g6 2. d4 Bg7 3. Be3 d5 4. exd5 Qxd5 5. Nc3 Qa5 6. Nf3 Nh6 7. Qd2 Nf5 8. Nb5 Qxd2+ 9. Bxd2 Na6 10. c3 c6 11. Na3 Nb8 12. Nc4 0-0 13. Bd3 Rd8 14. b4 Nd7 15. 0-0-0 Nd6 16. Na5 e5 17. dxe5 Nxe5 18. Nxe5 Bxe5 19. Rhe1 Bf6 20. Kc2 Nb5 21. Bxb5 cxb5 22. Be3 Bf5+ 23. Kb2 Be4 24. f3 Bd5 25. Bd4 Kg7 26. Rd2 b6 27. Red1 bxa5 28. bxa5 Re8 29. Bxf6+ Kxf6 30. Rxd5 Re2+ 31. R1d2 Rae8 32. Kb3 h5 33. h4 R8e7 34. Rxe2 Rxe2 35. Rd7 Rxg2 36. Rxa7 g5 37. hxg5+ Kg7 38. Rd7 Rxg5 39. a6 Rg6 40. Rd5 Kh6 41. a7 Rg8 42. Kb4 h4 43. Kxb5 h3 44. Rd1 Kh5 45. Kb6 Kh4 46. Kb7 1-0

[Event "ESP-ch 82nd"]
[Site "Las Palmas"]
[Date "2017.09.30"]
[Round "2"]
[White "Moreno Ruiz, Javier"]
[Black "Alcoba Gomez, Pablo Alejandro"]
[Result "1/2-1/2"]
[WhiteElo "2464"]
[BlackElo "2131"]
[PlyCount "118"]
[EventDate "2017.09.29"]
[EventType "swiss"]
[EventRounds "9"]
[EventCountry "ESP"]
[SourceTitle "CBM 181 Extra"]
[Source "ChessBase"]
[SourceDate "2017.12.12"]
[SourceVersion "1"]
[SourceVersionDate "2017.12.12"]
[SourceQuality "1"]

1. d4 d5 2. c4 e6 3. Nc3 Nf6 4. cxd5 exd5 5. Bg5 Be7 6. e3 c6 7. Qc2 0-0 8. Bd3 Nbd7 9. Nf3 Re8 10. h3 Nf8 11. Bf4 Bd6 12. Bxd6 Qxd6 13. 0-0-0 Be6 14. Kb1 Rac8 15. g4 c5 16. dxc5 Rxc5 17. Nd4 a6 18. f4 b5 19. Qf2 Bd7 20. g5 b4 21. Nce2 Ne4 22. Bxe4 dxe4 23. Ng3 Rd5 24. Qc2 Ng6 25. Ndf5 Bxf5 26. Nxf5 Qd7 27. Rxd5 Qxd5 28. Ng3 Qd3 29. Qxd3 exd3 30. Nf5 Ne7 31. Nd6 Rd8 32. Nc4 Nf5 33. Rd1 f6 34. gxf6 gxf6 35. b3 Kf7 36. Nb2 Nxe3 37. Rxd3 Rxd3 38. Nxd3 Nd5 39. Kc2 Kg6 40. Nc5 a5 41. Nb7 Kh5 42. Kd3 Kh4 43. Ke4 Ne7 44. Nxa5 Kxh3 45. Kf3 h5 46. Nc4 Nd5 47. a3 bxa3 48. Nxa3 Kh2 49. Nc2 h4 50. b4 h3 51. Kf2 Nxf4 52. b5 Nd3+ 53. Kf3 Kg1 54. Nd4 h2 55. Ne2+ Kf1 56. Ng3+ Ke1 57. Kg2 Nc5 58. b6 Nb7 59. Kxh2 Kd2 1/2-1/2

[Event "La Mancha-ch"]
[Site "Valverde de Jucar"]
[Date "2017.07.08"]
[Round "4.2"]
[White "Alcoba Gomez, Pablo Alejandro"]
[Black "Tierraseca Montero, Pablo"]
[Result "1-0"]
[WhiteElo "2151"]
[BlackElo "2164"]
[PlyCount "123"]
[EventDate "2017.07.06"]
[EventType "swiss"]
[EventRounds "6"]
[EventCountry "ESP"]
[SourceTitle "EXT 2024"]
[Source "ChessBase"]
[SourceDate "2023.10.10"]
[SourceVersion "1"]
[SourceVersionDate "2023.10.10"]
[SourceQuality "1"]

1. e4 c5 2. Nf3 d6 3. d4 cxd4 4. Nxd4 Nf6 5. Nc3 a6 6. Bd3 e5 7. Nf3 h6 8. h3 Be6 9. Qe2 Qc7 10. Be3 Nbd7 11. 0-0 Be7 12. Nd2 g5 13. Bc4 b5 14. Bb3 Qc6 15. a3 d5 16. exd5 Nxd5 17. Nxd5 Bxd5 18. Bxd5 Qxd5 19. c4 bxc4 20. Nxc4 0-0 21. Rad1 Qe6 22. b4 Rfc8 23. Rxd7 Qxd7 24. Nb6 Qe6 25. Nxa8 Rxa8 26. Rc1 Rc8 27. Rxc8+ Qxc8 28. Qb2 Qd7 29. Bc5 Qd1+ 30. Kh2 Bf6 31. Qc3 Qe2 32. Qe3 Qc4 33. Qf3 Kg7 34. Qc6 Qe2 35. a4 e4 36. Qd5 Qd3 37. Qf5 Bd8 38. Qe5+ Bf6 39. Qe8 Qc4 40. Qf8+ Kh7 41. g3 h5 42. Qc8 h4 43. Qf5+ Kg7 44. gxh4 gxh4 45. b5 axb5 46. axb5 Qe6 47. Qxe6 fxe6 48. Bd6 Bd8 49. Kg2 Kf6 50. Bc5 Ke5 51. b6 Kd5 52. b7 Bc7 53. Ba7 Ke5 54. b8Q Bxb8 55. Bxb8+ Kf5 56. Kf1 e5 57. Ke2 Kf4 58. Bd6 e3 59. fxe3+ Kg3 60. Bxe5+ Kxh3 61. e4 Kg4 62. Kd3 1-0

[Event "La Mancha-ch"]
[Site "Valverde de Jucar"]
[Date "2017.07.07"]
[Round "3.3"]
[White "Alcoba Gomez, Pablo Alejandro"]
[Black "Lagunas Gualda, Guillermo"]
[Result "1-0"]
[WhiteElo "2151"]
[BlackElo "1685"]
[PlyCount "69"]
[EventDate "2017.07.06"]
[EventType "swiss"]
[EventRounds "6"]
[EventCountry "ESP"]
[SourceTitle "EXT 2024"]
[Source "ChessBase"]
[SourceDate "2023.10.10"]
[SourceVersion "1"]
[SourceVersionDate "2023.10.10"]
[SourceQuality "1"]

1. e4 g6 2. d4 Bg7 3. Be3 d6 4. Qd2 a6 5. c4 b6 6. Nc3 c5 7. Nge2 Nd7 8. f3 Bb7 9. Rc1 h5 10. Bg5 Ngf6 11. g3 Qc7 12. Nd5 Nxd5 13. cxd5 Rc8 14. Bh3 Qd8 15. 0-0 0-0 16. dxc5 bxc5 17. b4 cxb4 18. Rxc8 Bxc8 19. Qxb4 Re8 20. Be3 Nc5 21. Bxc8 Qxc8 22. Rc1 Qb8 23. Bxc5 dxc5 24. Qxb8 Rxb8 25. Rc2 Rc8 26. Kf2 Kf8 27. Ke3 Ke8 28. Kd3 Kd7 29. Rc4 Kd6 30. Ra4 Ra8 31. Kc4 a5 32. f4 f6 33. Nc3 f5 34. e5+ Bxe5 35. Nb5+ 1-0

[Event "Benidorm op U2300 08th"]
[Site "Benidorm"]
[Date "2009.12.07"]
[Round "10"]
[White "Alonso Jimenez, Joan"]
[Black "Alcoba Gomez, Pablo Alejandro"]
[Result "1-0"]
[WhiteElo "2022"]
[BlackElo "2119"]
[PlyCount "57"]
[EventDate "2009.11.28"]
[EventType "swiss"]
[EventRounds "10"]
[EventCountry "ESP"]
[SourceTitle "CBM 133 Extra"]
[Source "ChessBase"]
[SourceDate "2010.01.05"]
[SourceVersion "1"]
[SourceVersionDate "2010.01.05"]
[SourceQuality "1"]

1. d4 Nf6 2. Nf3 g6 3. Bf4 Bg7 4. e3 d6 5. Be2 Nbd7 6. h3 0-0 7. 0-0 c5 8. c3 b6 9. Nbd2 Bb7 10. a4 a6 11. Bh2 Re8 12. Qb3 e5 13. dxe5 dxe5 14. Nc4 Bd5 15. Qc2 e4 16. Nfd2 Re6 17. Rad1 Qe7 18. Nb1 b5 19. axb5 axb5 20. Nca3 b4 21. Nb5 Ne5 22. cxb4 Rb6 23. Bxe5 Qxe5 24. bxc5 Bf8 25. b4 Ra2 26. Qc3 Qb8 27. Rd2 Rxd2 28. Qxd2 Ra6 29. N5c3 1-0